000 00237nam a2200097Ia 4500
008 200302s9999 xx 000 0 und d
100 _aAnupam bansal and Other
245 _aArchitectural map/Delhi
260 _bDom Publishrs
260 _c2013
999 _c6957
_d6957